| 000 | 00628nam a22001937a 4500 | ||
|---|---|---|---|
| 003 | NUST - PNEC | ||
| 005 | 20170116181200.0 | ||
| 008 | 160211b xxu||||| |||| 00| 0 eng d | ||
| 020 | _a9789332901810 | ||
| 040 | _cLIBRARY | ||
| 082 | _a539 KAU | ||
| 100 |
_916361 _aKaur, Gurbinder |
||
| 245 |
_aModern Physics _cGurbinder Kaur |
||
| 260 |
_aNew Delhi _bMcGraw Hill Education _cc.2014 |
||
| 300 | _a790 p. | ||
| 650 |
_916362 _aPhysics _xME |
||
| 856 | _uhttp://www.amazon.com/Modern-Physics-Gary-Pickrell-Gurbinder/dp/9332901813/ref=sr_1_1?s=books&ie=UTF8&qid=1455164366&sr=1-1&keywords=9789332901810 | ||
| 942 |
_2ddc _cBK |
||
| 999 |
_c71435 _d71435 |
||